| 000 | 00668nam a2200217 u 4500 | ||
|---|---|---|---|
| 005 | 20240831063811.0 | ||
| 008 | 160627s2009 es r 000 0 spa d | ||
| 020 | _a9788479423940 | ||
| 035 | _aUPN01000211672 | ||
| 049 | _aI | ||
| 050 | 4 |
_aPQ6653 A7.2 _bD6.2 |
|
| 100 | 1 |
_aCarazo, Jesús, _d1944- _939841 |
|
| 245 | 1 | 3 |
_aLa doble vida de las cosas / _cJesus Carazo ; il. de Mónica Gutiérrez Serna. |
| 260 |
_aMadrid : _bMacmillan, _c2009. |
||
| 300 |
_a66 p. : _bil. col. |
||
| 440 | 0 | _aLibrosaurio | |
| 650 | 4 |
_aCuentos infantiles españoles _97725 |
|
| 650 | 0 |
_aAventuras y aventureros _vLiteratura juvenil _911236 |
|
| 905 | _aInfantil | ||
| 999 |
_c183773 _d183773 |
||